000 00536nam a2200229Ia 4500
003 IT-RoPAU
008 120407s9999 xx 000 0 und d
040 _aIT-RoPAU
040 _cIT-RoPAU
041 _aita
100 _aArmido Rizzi
245 _aLa grazia come libertà. Per un’attualizzazione del trattato di antropologia teologica
250 _aBologna
260 _aEDB
260 _c1975
300 _a203 p.
300 _c22 cm
490 _aNuovi saggi teologici
490 _v9
942 _cBK
999 _c28456
_d28456